| 000 | 01014nam a2200289 i 4500 | ||
|---|---|---|---|
| 001 | 000015524 | ||
| 003 | DO-SdBNP | ||
| 005 | 20241001101230.0 | ||
| 007 | ta | ||
| 008 | 100212s1992 dr r 000 0 spa d | ||
| 040 |
_aDO-SdBNP _bspa _cBNPHU _erda |
||
| 082 | 4 |
_bC744a _222 |
|
| 100 | 1 |
_aConcepción Reynoso, Euribíades _eautor _4aut. _92411 |
|
| 245 | 1 | 0 |
_aA la vera de los nichos / _cEuribíades Concepción Reynoso ; corrección e índice, Sabino Peralta ; coordinación, José Chez Checo |
| 264 |
_aSanto Domingo : _bEditora Amigo del Hogar, _c1992. |
||
| 300 |
_a326 páginas ; _c24 cm. |
||
| 336 |
_atexto _btxt _2rdacontent |
||
| 337 |
_asin mediación _bn _2rdamedia |
||
| 338 |
_avolumen _bnc _2rdacarrier |
||
| 490 | 1 | _aQuinto Centenario | |
| 490 | 1 |
_aEstudios _v2 |
|
| 500 | _aIncluye índice onomástico | ||
| 500 | _aIncluye referencias bibliográficas y notas al pie de las páginas | ||
| 590 | _aInventariado, 2024/BT | ||
| 830 | 0 |
_aQuinto Centenario _pEstudios _n2 _935056 |
|
| 942 |
_2ddc _cLBS1 |
||
| 999 |
_c15080 _d15080 |
||